All The Stars - Kendrick Lamar and SZA lyrics - Statistics

General Stats
  • This quiz has been taken 50 times
  • The average score is 256 of 473
Answer Stats
Lyrics % Correct
a
97%
A
97%
the
97%
All
89%
all
89%
stars
89%
I
84%
let
82%
me
82%
are
79%
you
79%
you?
79%
You
79%
-you
79%
closer
74%
and
71%
And
71%
feel
68%
know
68%
do
66%
do,
66%
in
66%
Love,
66%
love
66%
that
63%
about
61%
talk
61%
let's
58%
be
55%
for?
55%
for
55%
it
55%
night
55%
no
55%
to
53%
may
50%
my
50%
your
50%
don't
47%
even
47%
ever
47%
'cause
45%
dreams
45%
Is
45%
want
45%
what
45%
ain't
42%
everything
42%
like
42%
Like
42%
might
42%
new
42%
nothin'
42%
Or
42%
or
42%
anything
39%
gon'
39%
Tell
39%
who
39%
can
37%
feeling
37%
haunt
37%
This
37%
bring
34%
of
34%
truth
34%
bullet,
32%
But
32%
entitled
32%
can't
29%
Confrontation
29%
congratulations
29%
sword,
29%
at
26%
crazy
26%
expectations
26%
Get
26%
get
26%
hate
26%
Look
26%
people
26%
We
26%
hoped
24%
invite
24%
moral
24%
On
24%
reason
24%
story,
24%
conversation
21%
if
21%
If
21%
morgue
21%
out
21%
out,
21%
good
16%
That's
16%
that's
16%
with
16%
confidence
13%
dealin'
13%
end
13%
got
13%
Got
13%
I'm
13%
just
13%
live
13%
Oh,
13%
recognize
13%
running
13%
Skin
13%
talkin',
13%
time
13%
way
13%
way,
13%
won't
13%
approach
11%
Corrupt
11%
cry
11%
ego
11%
false
11%
find
11%
give
11%
heart
11%
how
11%
life
11%
momma,
11%
move
11%
were
11%
Better
8%
credit
8%
down
8%
endorsing?
8%
from
8%
gift
8%
important?
8%
losing,
8%
loved
8%
nobody
8%
percentage,
8%
winning
8%
another
5%
away
5%
breathing
5%
calculated
5%
covered
5%
did
5%
It's
5%
man's
5%
pray
5%
promises
5%
rebound,
5%
small
5%
tryna
5%
you're
5%
bad
3%
building
3%
days,
3%
game
3%
hours
3%
I don't
3%
involved
3%
making
3%
stay
3%
thanks
3%
wouldn't
3%
kinda
0%
realist
0%
ways
0%
No matching quizzes found
Score Distribution
Percent of People with Each Score
Percentile by Number Answered
Your Score History
You have not taken this quiz